000 00592nam a2200205Ia 4500
005 20250508164722.0
008 008 250505s9999 xx 000 0 eng d
037 _aReference
040 _aFEDL
_beng
_cFEDL
041 _aeng
_2eng
084 _a530, NCE/RR
_qFEDL
245 0 _aPhysics : Textbook for class 11
245 0 _cNCERT (New Delhi India)
260 _aNew Delhi, India
_bNational Council of Educational Research and Training
_c2002
300 _a412p.
365 _aINR
_b1295
546 _aMACESE
942 _cREF
_h530, NCE/RR
999 _c1390743
_d1390743